Lettera al padre /

Guardat en:
Dades bibliogràfiques
Autor principal: Kafka, Franz, (1883-1924) (Autor)
Format: Llibre
Idioma:italià
Publicat: Roma : TEN, 1993
Edició:Ed. integrale
Col·lecció:Centopaginemillelire ; 54
Etiquetes: Afegir etiqueta
Sense etiquetes, Sigues el primer a etiquetar aquest registre!

MARC

LEADER 00000nam a2200000 i 4500
001 IT\ICCU\CFI\0228545
003 ItRI
005 20260115231933.0
008 930630s1993 it |||||| ||||| |||||c
020 |a 8879830597 
040 |b ita  |c importazione bologna sebina 
041 7 |a ita  |2 ISO-639-2 
082 |a 833.912  |9 NARRATIVA TEDESCA. 1900-1945  |2 19 
100 1 |a Kafka, Franz,  |d  (1883-1924)  |0 IT\ICCU\CFIV\005851  |4 aut 
240 1 0 |a Brief an den Vater  |3 IT\ICCU\CFI\0139612  |9 Kafka, Franz <1883-1924> 
245 1 0 |a Lettera al padre /  |c Franz Kafka ; introduzione di Italo Alighiero Chiusano. 
250 |a Ed. integrale 
260 |a Roma :  |b TEN,  |c 1993 
300 |a 83 p. ;  |c 19 cm. 
790 0 |a Ka fu ka  |3 IT\ICCU\LO1V\260689  |z Kafka, Franz (1883-1924) 
790 0 |a Kafuka  |3 IT\ICCU\LO1V\263034  |z Kafka, Franz (1883-1924) 
830 0 |a Centopaginemillelire ;  |v 54  |0 IT\ICCU\RAV\0196182 
942 |2 ddc  |c BK  |n 0 
952 |0 0  |1 0  |4 0  |6 DOC_833_912000000000000_KAF  |7 0  |9 17160  |a BO  |b BO  |d 2026-01-15  |i 10257  |l 0  |o DOC 833.912 KAF  |p BO10257  |r 2026-01-15 23:19:33  |w 2026-01-15  |x [Sebina 5] [1 V.]  |y BK  |z 1 V. 
999 |c 14652  |d 14652